[Event "AUT-ch U16"]
[Site "St Veit"]
[Date "2023.04.06"]
[Round "7"]
[White "Loretz, Jonas"]
[Black "Ganbat, Gan Erdene"]
[Result "1-0"]
[WhiteElo "1516"]
[BlackElo "1410"]
[PlyCount "69"]
[EventDate "2023.04.02"]
[EventType "swiss"]
[EventRounds "7"]
[EventCountry "AUT"]
[SourceTitle "EXT 2024"]
[Source "ChessBase"]
[SourceDate "2023.10.10"]
[SourceVersion "1"]
[SourceVersionDate "2023.10.10"]
[SourceQuality "1"]

1. e4 g6 2. d4 Bg7 3. Nf3 d6 4. Bf4 Nd7 5. e5 d5 6. c4 e6 7. Nc3 Ne7 8. Qd2 h6 9. h4 b6 10. Bd3 Bb7 11. cxd5 Nxd5 12. Nxd5 Bxd5 13. Qe3 c5 14. Be4 cxd4 15. Qxd4 Nc5 16. Bxd5 Qxd5 17. Qxd5 exd5 18. Rd1 0-0-0 19. 0-0 Rhe8 20. Nd4 Bxe5 21. Bxe5 Rxe5 22. Nc6 Rde8 23. Nxe5 Rxe5 24. g4 Kd7 25. f4 Re2 26. Rxd5+ Kc6 27. Rd8 Rxb2 28. Rf2 Rxf2 29. Kxf2 Ne4+ 30. Ke3 Nd6 31. Rh8 a5 32. Rxh6 b5 33. h5 gxh5 34. gxh5 Kc5 35. Rxd6 1-0